Irodalom és publicisztika Beszélgetés Andrej Ferko szlovák íróval

Bibliographic Details
Main Authors: Ferko, Andrej, 1955- (Author), Lacza, Tihamér, 1948- (Author)
Format: Article
Language:Hungarian
PhysicalDescription:Fotogr. 1
Subjects:

MARC

LEADER 00000nab a2200000 a 4500
001 vtls000476846
003 SK-MaSNL
005 20260319074238.0
008 160216c1992 xo 0 hun
015 |a SNBRB19rr/mm-uuuuu 
035 |a CL0476980 
040 |a SNKBUCL  |b slo  |c SNKBUCL  |e AACR2 
041 0 |a hun 
044 |a xo  |c SK 
080 |a 82:929:885.4  |2 1981 
080 |a 885.4  |2 1981 
080 |a 929 Ferko, Andrej  |2 1981 
100 1 |a Ferko, Andrej,  |d 1955-  |4 aut  |9 103705 
245 1 0 |a Irodalom és publicisztika  |b Beszélgetés Andrej Ferko szlovák íróval  |c Andrej Ferko, Tihamér Lacza 
300 |b Fotogr. 1 
600 1 7 |a Ferko, Andrej,  |d 1955-  |2 snkbucl  |9 103705 
655 7 |a články z novín a časopisov  |2 snkbucl  |9 267496 
655 7 |a články z odboru literárna veda a krásna literatúra  |2 snkbucl  |9 770045 
700 1 |a Lacza, Tihamér,  |d 1948-  |4 aut  |9 100533 
773 0 |t A Hét  |g Roč. 37, č. 39 (1992), s. 5 
850 |a Slovenská národná knižnica v Martine  |a MTA001 
852 |a SNK  |b KIS3GCP 
958 |a BX 
958 |a RK 
958 |a LX 
992 |a RBX 
999 |c 1582012  |d 1583942